000 00761nam a2200241Ia 4500
003 OSt
005 20220925190230.0
006 a|||||r|||| 00| 0
007 ta
008 220923b |||||||| |||| 00| 0 eng d
037 _cGeneral Book
040 _aRTL
_cRTL
_beng
041 _2eng
_aeng
082 _aX:77.1(X).N7, N7
100 _aCooper Frederick Ed.
245 0 _aInternational development and the social sciences
260 _aBerkeley
_bCalifornia University Press
_c1997
300 _axii, 361p. Bib chapterwise
_ccm.
650 _aEconomic Development
_917300
700 _a Packard Randall Ed.
_9237797
942 _hX:77.1(X).N7, N7
_cGB
_2CC
999 _c513810
_d513810